B00-1 バス停名クイズ - 難読バス停30(東日本) - Statistics

General Stats
  • This quiz has been taken 95 times
    19 since last reset
  • The average score is 6 of 30
Answer Stats
バス会社 バス停名 読み % Correct
東急バス 北ヶ谷 きたがやと
100%
東急バス 雙葉学園前 ふたばがくえんまえ
100%
八戸市営バス 姥懐 うばふところ
100%
名古屋市営バス 水主町 かこまち
100%
南部バス 内舟渡 ないみなと
100%
福島交通 狼ヶ森 おいがもり
100%
岐阜バス 前所 ぜっしょ
100%
名鉄バス おろし
100%
名鉄バス 舳越町 へごしちょう
100%
国際興業バス 里曲田 さとまがった
100%
仙台市交通局 霊屋橋・瑞鳳殿入口 おたまやばし・ずいほうでんいりぐち
100%
仙台市交通局 下鼬原 しもいたちはら
100%
仙台市交通局 尚絅学院中学高校前 しょうけいがくいんちゅうがくこうこうまえ
100%
しずてつジャストライン 産女 うぶめ
100%
しずてつジャストライン 祢宜島 ねぎしま
100%
西武バス 西遊馬 にしあすま
100%
西武バス 野行 やこう
100%
宮城交通 七北田 ななきた
100%
宮城交通 鵙目 もづめ
100%
山梨交通 祖母石上 うばいしかみ
100%
山梨交通 吉沢農協 きっさわのうきょう
100%
山梨交通 荊沢 ばらざわ
100%
根室交通 温根沼 おんねとう
100%
北海道中央バス 花畔 ばんなぐろ
100%
西東京バス 軍畑駅入口 いくさばたえきいりぐち
100%
東武バス 舎人町 とねりちょう
100%
宮城交通 榴岡公園・仙台第三合同庁舎前 つつじがおかこうえん・せんだいだいさんごうどうちょうしゃまえ
100%
福島交通 獺庭 おそにわ
50%
名鉄バス 牛廻間 うしはざま
50%
名鉄バス 巨海 こみ
50%
しずてつジャストライン 内匠 たくみ
50%
山梨交通 上原入口 わはらいりぐち
50%
北海道中央バス 厚別の滝 あしりべつのたき
50%
北海道中央バス 群来町 くきちょう
50%
北海道中央バス 支笏湖 しこつこ
50%
北海道中央バス 東烏柵舞 ひがしうさくまい
50%
西東京バス 木和田平 きわんだいら
50%
東海バス 下流 したる
50%
東海バス 柳生口 やんぎょうぐち
50%
岐阜バス 北鶉 きたうずら
33%
国際興業バス 神田 じんで
33%
西武バス 馬上 もうえ
33%
宮城交通 鈎取 かぎとり
33%
東急バス 覆馬場 おおいばば
0%
東急バス 青砥 おおと
0%
東急バス 打越 おっこし
0%
東急バス 上鉄鴨志田口 かみくろがねかもしだぐち
0%
東急バス 砧本村 きぬたほんむら
0%
東急バス 魚籃坂下 ぎょらんざかした
0%
東急バス 鉄町 くろがねちょう
0%
東急バス 寒谷戸 さぶやと
0%
東急バス 神木 しぼく
0%
東急バス 碑文谷呑川 ひもんやのみがわ
0%
東急バス 影向寺 ようごうじ
0%
八戸市営バス 蟇平 がまたい
0%
八戸市営バス 田面木 たものき
0%
八戸市営バス 轟木 とどろき
0%
八戸市営バス 内舟渡 ないみなと
0%
西武観光バス 上発地 かみほっち
0%
西武観光バス 馬越 まごい
0%
西武観光バス 谷所 やとこ
0%
千葉中央バス 小谷 こやつ
0%
千葉中央バス 菰谷 こんがさく
0%
千葉中央バス 小食土 やさしど
0%
東洋バス 長兵ェ野 ちょうべえの
0%
名古屋市営バス 味鋺住宅 あじまじゅうたく
0%
名古屋市営バス 杁中 いりなか
0%
名古屋市営バス 笈瀬通 おいせどおり
0%
名古屋市営バス 香流橋 かなればし
0%
名古屋市営バス 包里 かのさと
0%
名古屋市営バス 吉根 きっこ
0%
名古屋市営バス 五女子 ごにょうし
0%
名古屋市営バス 三郎廻間 さぶろうはざま
0%
名古屋市営バス 四間道 しけみち
0%
名古屋市営バス 土古 どんこ
0%
名古屋市営バス 廿軒家会館 にじっけんやかいかん
0%
名古屋市営バス 東起橋 ひがしおこしばし
0%
名古屋市営バス 己新田 みしんでん
0%
名古屋市営バス 百々ケ池 ももがいけ
0%
名古屋市営バス 葭原町 よしはらちょう
0%
南部バス 泥障作 あおづくり
0%
南部バス 埖渡 ごみわたり
0%
南部バス 田面木 たものき
0%
南部バス 盲沼 めくらぬま
0%
福島交通 苧畑 あさはた
0%
福島交通 五十須場 いさすば
0%
福島交通 岩阿久 いわごう
0%
福島交通 越久 おっきゅう
0%
福島交通 海呑 かいどん
0%
福島交通 搦手 からめて
0%
福島交通 境ノ岫 さかいのくき
0%
福島交通 橲原 じさばら
0%
福島交通 歯朶平 したたいら
0%
岐阜バス 茜部大川 あかなべおおかわ
0%
岐阜バス 安楽寺 あずくじ
0%
岐阜バス 御望野 ごもの
0%
岐阜バス 近の島 ごんのしま
0%
岐阜バス 塩後 しょうご
0%
岐阜バス 松籟団地 しょうらいだんち
0%
岐阜バス 曲路 すじかい
0%
岐阜バス 谷戸 たんど
0%
岐阜バス 御鋒 みほこ
0%
岐阜バス 蕨生大島 わらびおおしま
0%
名鉄バス 莇生 あざぶ
0%
名鉄バス 五城中 いつしろなか
0%
名鉄バス 猪ノ湫 いのくて
0%
名鉄バス 岩津百々 いわづどうど
0%
名鉄バス 小美 おい
0%
名鉄バス 於御所 おごそ
0%
名鉄バス 鍛埜 かじや
0%
名鉄バス 市営広畔住宅 しえいひろくてじゅうたく
0%
名鉄バス 酒呑北口 しゃちのみきたぐち
0%
名鉄バス 常普請 じょうぶし
0%
名鉄バス 千万町口 ぜまんじょぐち
0%
名鉄バス 衣文観音前 そぶみかんのんまえ
0%
名鉄バス 如意申 にょいざる
0%
名鉄バス 莪原東 ばいばらひがし
0%
名鉄バス 拾石 ひろいし
0%
名鉄バス 水法 みずのり
0%
名鉄バス 門立 もだち
0%
名鉄バス 八迫山 やつばさん
0%
名鉄バス 芦廻間 よしはざま
0%
名鉄バス 蓬生口 よもぎゅうぐち
0%
横浜市交通局 慶珊寺前 けいさんじまえ
0%
横浜市交通局 華蔵橋 けしょうはし
0%
横浜市交通局 都筑ケ丘 つづきがおか
0%
国際興業バス 赤工 あかだくみ
0%
国際興業バス 小豆沢 あずさわ
0%
国際興業バス 円阿弥 えんなみ
0%
国際興業バス 男女土橋南 おめどばしみなみ
0%
国際興業バス 恩田 おもた
0%
国際興業バス 釣上上組 かぎあげかみぐみ
0%
国際興業バス 叺原 かますはら
0%
国際興業バス 苅生自治会館 かろうじちかいかん
0%
国際興業バス 種木橋 くさぎばし
0%
国際興業バス 曲竹 くせだけ
0%
国際興業バス 曲輪 くるわ
0%
国際興業バス 黒指 くろざす
0%
国際興業バス 玄蕃新田 げんばしんでん
0%
国際興業バス 神戸 ごうど
0%
国際興業バス 牛房 ごぼう
0%
国際興業バス 道祖土入口 さいどいりぐち
0%
国際興業バス 差間北 さしまきた
0%
国際興業バス 新開交番前 しびらきこうばんまえ
0%
国際興業バス 互締落 たがいじめおとし
0%
国際興業バス 東谷田甫 とうやたんぼ
0%
国際興業バス 戸塚鋏 とづかはさみ
0%
国際興業バス 梛木の橋 なぎのはし
0%
国際興業バス 双柳 なみやなぎ
0%
国際興業バス 楡木 にれぎ
0%
国際興業バス 比丘尼橋 びくにばし
0%
国際興業バス 風渡野 ふっとの
0%
国際興業バス 文蔵 ぶぞう
0%
国際興業バス 猿田 やえんだ
0%
国際興業バス 山脈公園 やまなみこうえん
0%
国際興業バス 木綿沢 ゆうのさわ
0%
仙台市交通局 揚戸 あがと
0%
仙台市交通局 生出橋 おいでばし
0%
仙台市交通局 小角 おがく
0%
仙台市交通局 上谷刈山添 かみやがりやまぞえ
0%
仙台市交通局 子平町・壽徳寺前 しへいまち・じゅとくじまえ
0%
仙台市交通局 種次 たなつぎ
0%
仙台市交通局 二軒在家 にけんざけ
0%
仙台市交通局 日辺 にっぺ
0%
仙台市交通局 朴沢 ほうざわ
0%
仙台市交通局 矢籠 やごめ
0%
仙台市交通局 澱橋通 よどみばしどおり
0%
しずてつジャストライン 安居 あごお
0%
しずてつジャストライン 麻機 あさばた
0%
しずてつジャストライン 五十海 いかるみ
0%
しずてつジャストライン 雨垂 うたり
0%
しずてつジャストライン 鵜網 うわみ
0%
しずてつジャストライン 遠州神戸 えんしゅうかんど
0%
しずてつジャストライン 桂山原 かやまはら
0%
しずてつジャストライン 寒谷 さびや
0%
しずてつジャストライン 賤機中小学校前 しずはたなかしょうがっこうまえ
0%
しずてつジャストライン 但沼 ただぬま
0%
しずてつジャストライン 成行 なりいけ
0%
しずてつジャストライン 飯淵 はぶち
0%
しずてつジャストライン 迴り沢口 めぐりさわぐち
0%
しずてつジャストライン 山原 やんばら
0%
しずてつジャストライン 油野 ゆんの
0%
しずてつジャストライン 林叟院入口 りんそういんいりぐち
0%
京成バス 犢橋局 こてはしきょく
0%
京成バス 後撰都町 ごせんみやこちょう
0%
京成バス 園生 そんのう
0%
京成バス 名都借 なづかり
0%
京成バス 主水 もんと
0%
京成バス 分実 わかさね
0%
西武バス 鶉平 うずらだいら
0%
西武バス 大石津 おおしづ
0%
西武バス 大達原 おおだはら
0%
西武バス 大諸 おおぶろう
0%
西武バス 納宮 おさみや
0%
西武バス 押堀 おっぽり
0%
西武バス 檪平 くぬぎだいら
0%
西武バス 小双里 こぞうり
0%
西武バス 強石 こわいし
0%
西武バス 日月神社 じつげつじんじゃ
0%
西武バス 強矢 すねや
0%
西武バス 誓詞橋 せいじがばし
0%
西武バス 勢揃橋 せいぞろいばし
0%
西武バス 側ヶ谷戸 そばがいと
0%
西武バス 道生町 どうじょうちょう
0%
西武バス 道場 どうば
0%
西武バス 南畑界 なんばたさかい
0%
西武バス 根ヶ布 ねかぶ
0%
西武バス 赫下 はけした
0%
西武バス 八木 ばちぎ
0%
西武バス 法師落人橋 ほっしょうどばし
0%
西武バス 水判土 みずはた
0%
西武バス 三十槌 みそつち
0%
西武バス 視目坂下 みるめざかした
0%
西武バス 廻田 めぐりた
0%
西武バス 回田本通り めぐりたほんどおり
0%
西武バス 八谷 やがい
0%
宮城交通 芦畔 あしぐろ
0%
宮城交通 足立 あしたて
0%
宮城交通 猪狩 いかり
0%
宮城交通 出花団地 いでかだんち
0%
宮城交通 入沢乙 いりさわうど
0%
宮城交通 上疣岩 かみいぼいわ
0%
宮城交通 十八成 くぐなり
0%
宮城交通 椚林 くぬぎばやし
0%
宮城交通 賽の磧 さいのかわら
0%
宮城交通 沢乙 さわうど
0%
宮城交通 将監九丁目 しょうげんきゅうちょうめ
0%
宮城交通 楡の木 たまのき
0%
宮城交通 遠刈田温泉 とおがったおんせん
0%
宮城交通 筒場 どうば
0%
宮城交通 曲木 まがき
0%
宮城交通 真山御上 まやまおかん
0%
宮城交通 磊々峡 らいらいきょう
0%
相鉄バス 庚台 かのえだい
0%
相鉄バス 三嶌神社 みしまじんじゃ
0%
相鉄バス 宜山 むべやま
0%
山梨交通 相垈 あいぬた
0%
山梨交通 小石和 こいさわ
0%
山梨交通 入戸野入口 にっとのいりぐち
0%
山梨交通 福生里 ふくおり
0%
山梨交通 大豆生田上 まみょうだかみ
0%
山梨交通 御勅使 みだい
0%
山梨交通 六科 むじな
0%
山梨交通 野牛島 やごしま
0%
山梨交通 上町北 わでちょうきた
0%
根室交通 珸瑶瑁 ごようまい
0%
伊豆箱根バス 菰池 こもいけ
0%
JRバス関東 西谷 にっさく
0%
JRバス関東 住母家 すもげ
0%
JRバス関東 八辺台 やっぺだい
0%
JRバス関東 祖父岡 そぼおか
0%
北海道中央バス 漁町 いざりまち
0%
北海道中央バス 一已4丁目線 いっちゃん4ちょうめせん
0%
北海道中央バス 歌棄 うたすつ
0%
北海道中央バス 忍路 おしょろ
0%
北海道中央バス 神威市街 かもいしがい
0%
北海道中央バス 古潭 こたん
0%
北海道中央バス 然別 しかりべつ
0%
北海道中央バス 聚富 しっぷ
0%
北海道中央バス 下湧別 しもわくんべつ
0%
北海道中央バス 後志総合振興局 しりべしそうごうしんこうきょく
0%
北海道中央バス 鰊御殿 にしんごてん
0%
北海道中央バス 熱郛 ねっぷ
0%
北海道中央バス 茨戸耕北橋 ばらとこうほくばし
0%
北海道中央バス 柾里 まさり
0%
北海道中央バス 茂漁 もいざり
0%
北海道中央バス 烈々布会館前 れつれっぷかいかんまえ
0%
北海道中央バス 輪厚 わっつ
0%
京王バス 青渭神社前 あおいじんじゃまえ
0%
京王バス 上谷戸大橋南 かさやとおおはしみなみ
0%
京王バス 覚東 がくとう
0%
京王バス 乞田五差路 こったごさろ
0%
京王バス 松濤美術館入口 しょうとうびじゅつかんいりぐち
0%
京王バス 幡随院 ばんずいいん
0%
京王バス 引切 ひっきり
0%
西東京バス 阿伎留医療センター あきるいりょうせんたー
0%
西東京バス 笛吹入口 うずしきいりぐち
0%
西東京バス 小作坂下 おざくさかした
0%
西東京バス 押垣外 おしがいと
0%
西東京バス 叶谷 かのうや
0%
西東京バス 畔荷田 くろにた
0%
西東京バス 下除毛 しもよけ
0%
西東京バス 陶鎔小学校 とうようしょうがっこう
0%
西東京バス 留浦 とずら
0%
西東京バス 戸貫久保 とづらくぼ
0%
西東京バス 留原 とどはら
0%
西東京バス 縄切 なぎれ
0%
西東京バス 夏地 なっち
0%
西東京バス 奈都地橋 なっちばし
0%
西東京バス 札立 ふだあて
0%
西東京バス 人里 へんぼり
0%
西東京バス 払沢 ほっさわ
0%
東武バス 遊馬町中 あすまちょうなか
0%
東武バス 御成河岸 おなりがし
0%
東武バス 垳トンネル がけとんねる
0%
東武バス 徒歩橋 かちばし
0%
東武バス 小青田 こおだ
0%
東武バス 槐戸入口 さいかちどいりぐち
0%
東武バス 道祖土二丁目 さいどにちょうめ
0%
東武バス 篠篭田 しこた
0%
東武バス 下狢 しもむじな
0%
東武バス 清河寺 せいがんじ
0%
東武バス 十余二 とよふた
0%
東武バス 榛松 はえまつ
0%
東武バス 麗澤大学前 れいたくだいがくまえ
0%
東海バス 大仁橋 おおひとばし
0%
東海バス 木負 きしょう
0%
東海バス 甲子屋前 きねやまえ
0%
東海バス 不越ヶ坂 こえじがさか
0%
東海バス 塩場 しょば
0%
東海バス 塩満 しょみち
0%
東海バス 高馬 たこうま
0%
東海バス 築出 つんだし
0%
東海バス 田牛 とうじ
0%
東海バス 留田橋 とまたばし
0%
東海バス 夏梅木 なつめぎ
0%
東海バス 鍋失 なべうしない
0%
東海バス 二階滝 にかいだる
0%
東海バス 日緬寺前 にちめんじまえ
0%
東海バス 猫越口 ねっこぐち
0%
東海バス 野畦 のぐろ
0%
東海バス 八幡 はつま
0%
東海バス 日野 ひんの
0%
東海バス 戸田 へだ
0%
東海バス 松尾 まとお
0%
東海バス 三津 みと
0%
東海バス 水無田 みなしだ
0%
東海バス 向木風 むこうきぼ
0%
東海バス 万路 よろじ
0%
東海バス 岐れ道 わかれみち
0%
No matching quizzes found
Score Distribution
Percent of People with Each Score
Percentile by Number Answered
Your Score History
You have not taken this quiz since the last reset